| 000 | 00915nam a22002897a 4500 | ||
|---|---|---|---|
| 001 | 0000841 | ||
| 003 | KOHA_MİRAKIL | ||
| 005 | 20260207001222.0 | ||
| 007 | ta | ||
| 008 | 090217b2006 tu |||gr||||#||||0|tur | | ||
| 020 |
_a9755114505 _cYTL13,69 |
||
| 040 |
_aTR-BiSEU _btur _cTR-BiSEU _erda |
||
| 041 | 0 | _atur | |
| 044 | _ctu | ||
| 050 |
_aTK2612 _b.M47 2006 |
||
| 100 | 1 | _aMergen, A. Faik. | |
| 245 | 1 |
_aElektrik makineleri : _bdoğru akım makinesi çözümlü problemler/ _cA. Faik Mergen ; A. Faik Mergen, Derya Ahmet Kocabaş. |
|
| 264 | 1 |
_aİstanbul : _bBirsen Yayınevi _c2006 |
|
| 300 | _a229 sayfa; 25 cm. | ||
| 336 |
_ametin _btxt _2rdacontent |
||
| 337 |
_aaracısız _bn _2rdamedia |
||
| 338 |
_acilt _bnc _2rdacarrier |
||
| 500 | _aKaynakça ve dizin var. | ||
| 650 | 0 |
_aElektrik makineleri. _92670 |
|
| 650 | 0 |
_aElektrik makineleri--Problemler, alıştırmalar, vb. _93405 |
|
| 942 |
_2lcc _cBK |
||
| 999 |
_c836 _d836 |
||